Dialog křesťanů a židů

Bibliographic Details
Format: Book
Language:Czech
PhysicalDescription:445 s. 21 cm
Published: Praha Vyšehrad 1999
ISBN:8072012934
Subjects:

MARC

LEADER 00000nam a2200000 a 4500
001 vtls001379737
003 SK-MaSNL
005 20260301161344.0
008 251124s1999 xr a r 0 cze
020 |a 8072012934 
035 |a SNK000333714 
040 |a SNK  |b slo  |c SNK  |e AACR2 
044 |a xr  |c CZ 
080 |a 323.12  |2 1981 
080 |a 261.1  |2 1981 
245 1 |a Dialog křesťanů a židů 
260 |a Praha  |b Vyšehrad  |c 1999 
300 |a 445 s.  |b 21 cm 
500 |a Vyd. Společnost křesťanů a židů 
650 0 7 |a duchovné tradície  |2 SNK  |9 83278 
919 |a 80-7201-293-4 
999 |c 809100  |d 811030 
952 |t P60, <04>, [BOOK], {604}  |a SNK  |b SNK  |y VYP  |7 0  |p 17A0222698  |o snkIC 128278  |i snkK 1399/99  |0 0  |1 0  |4 0  |d 2000-06-20  |l 0  |r 2005-01-02 00:00:00  |w 2026-02-24